000 00836cam a22002893a 4500
001 1172
003 PGUSA
005 20140828082957.0
008 980101s1998||||xxu|||||s|||||000 | eng d
040 _aPGUSA
_beng
042 _adc
050 4 _aPA
050 4 _aUE
100 1 _aXenophon,
_d-431--355
245 1 4 _aThe Cavalry General
_h[electronic resource] /
_cXenophon
260 _bProject Gutenberg,
_c1998
506 _aPublic domain in the USA.
516 _aElectronic text
653 _aMilitary art and science -- Greece -- Early works to 1800
653 _aCavalry -- Greece -- History
653 _aClassical literature
700 1 _aDakyns, Henry Graham,
_d1838-1911
740 0 _aHipparchikos. English
830 0 _aProject Gutenberg
_v1172
856 4 0 _uhttp://www.gutenberg.org/ebooks/1172
942 _cEB
999 _c230520
_d230520